[Event "Paris op-A"]
[Site "Paris"]
[Date "2003.??.??"]
[Round "4"]
[White "Broca, Alexandre"]
[Black "Besga, Benjamin"]
[Result "1-0"]
[WhiteElo "2143"]
[BlackElo "2040"]
[PlyCount "93"]
[EventDate "2003.07.05"]
[EventType "swiss"]
[EventRounds "9"]
[EventCountry "FRA"]
[SourceTitle "EXT 2005"]
[Source "ChessBase"]
[SourceDate "2004.11.15"]
[SourceVersion "1"]
[SourceVersionDate "2004.11.15"]
[SourceQuality "1"]

1. e4 e6 2. d4 d5 3. Nd2 Nf6 4. Bd3 c5 5. e5 Nfd7 6. c3 Nc6 7. Ne2 Qb6 8. Nf3 cxd4 9. cxd4 Bb4+ 10. Bd2 f6 11. exf6 Nxf6 12. 0-0 Bxd2 13. Qxd2 Qb4 14. Rfd1 Qxd2 15. Rxd2 Bd7 16. Rc1 Rc8 17. Rdc2 Ke7 18. h3 Nb4 19. Rxc8 Rxc8 20. Rxc8 Bxc8 21. Bb1 b6 22. Ne5 Nd7 23. Bxh7 Nxe5 24. dxe5 Nxa2 25. Nd4 Nb4 26. f4 Ba6 27. g3 Nd3 28. Nc6+ Kf7 29. Bxd3 Bxd3 30. Nxa7 g5 31. Nc6 gxf4 32. gxf4 Bh7 33. Nd4 Bg8 34. Kf2 Kg6 35. Kg3 Kh5 36. f5 exf5 37. Kf4 Kh4 38. Kxf5 Bh7+ 39. Ke6 Be4 40. Kd6 Kxh3 41. Kc6 Kg4 42. Kxb6 Kf4 43. e6 Ke5 44. Kc5 Bg6 45. b4 Bh5 46. b5 Bg4 47. b6 1-0

[Event "Paris-ch op-B"]
[Site "Paris"]
[Date "2002.07.09"]
[Round "4.6"]
[White "Ledoux, Alain"]
[Black "Besga, Benjamin"]
[Result "1-0"]
[WhiteElo "1900"]
[BlackElo "1980"]
[PlyCount "31"]
[EventDate "2002.07.06"]
[EventType "swiss"]
[EventRounds "7"]
[EventCountry "FRA"]
[SourceTitle "EXT 2003"]
[Source "ChessBase"]
[SourceDate "2002.11.25"]
[SourceVersion "1"]
[SourceVersionDate "2002.11.25"]
[SourceQuality "1"]

1. e4 e6 2. Nf3 d5 3. Nc3 Nf6 4. e5 Nfd7 5. d4 a6 6. Bd3 c5 7. dxc5 Bxc5 8. 0-0 Nc6 9. Bf4 f6 10. Re1 Qb6 11. Qe2 f5 12. Bxf5 exf5 13. Nxd5 Qd8 14. e6 Nde5 15. Nxe5 Qxd5 16. Qh5+ 1-0

[Event "Paris-ch op-B"]
[Site "Paris"]
[Date "2002.07.08"]
[Round "3.10"]
[White "Besga, Benjamin"]
[Black "Engel, Gerard"]
[Result "1-0"]
[WhiteElo "1980"]
[BlackElo "1840"]
[PlyCount "59"]
[EventDate "2002.07.06"]
[EventType "swiss"]
[EventRounds "7"]
[EventCountry "FRA"]
[SourceTitle "EXT 2003"]
[Source "ChessBase"]
[SourceDate "2002.11.25"]
[SourceVersion "1"]
[SourceVersionDate "2002.11.25"]
[SourceQuality "1"]

1. c4 c5 2. Nc3 Nc6 3. g3 g6 4. Bg2 Bg7 5. e3 e5 6. Nge2 Nge7 7. f4 d6 8. 0-0 0-0 9. Nd5 Nxd5 10. cxd5 Ne7 11. Nc3 Rb8 12. Qb3 a6 13. a4 Bd7 14. Ne4 Bf5 15. Nc3 b5 16. axb5 axb5 17. e4 Bd7 18. d3 b4 19. Ne2 Bg4 20. Kf2 Qb6 21. Be3 exf4 22. gxf4 Bxe2 23. Kxe2 f5 24. e5 Kh8 25. e6 Rfe8 26. Ra4 Ra8 27. Rfa1 Rxa4 28. Qxa4 Bxb2 29. Qxe8+ Ng8 30. Ra8 1-0